Doing your research project : (Record no. 187079)

000 -LEADER
fixed length control field 01314 a2200301 4500
003 - CONTROL NUMBER IDENTIFIER
control field Nust
005 - DATE AND TIME OF LATEST TRANSACTION
control field 20230123092849.0
010 ## - LIBRARY OF CONGRESS CONTROL NUMBER
LC control number 99017596
020 ## - INTERNATIONAL STANDARD BOOK NUMBER
International Standard Book Number 0335203892 (hardcover)
020 ## - INTERNATIONAL STANDARD BOOK NUMBER
International Standard Book Number 8176491047
040 ## - CATALOGING SOURCE
Transcribing agency Nust
082 00 - DEWEY DECIMAL CLASSIFICATION NUMBER
Classification number 370.72,BEL
100 1# - MAIN ENTRY--PERSONAL NAME
Personal name Bell, Judith,
245 10 - TITLE STATEMENT
Title Doing your research project :
Remainder of title a guide for first-time researchers in education and social science /
Statement of responsibility, etc. Judith Bell.
250 ## - EDITION STATEMENT
Edition statement 3rd ed.
260 ## - PUBLICATION, DISTRIBUTION, ETC.
Place of publication, distribution, etc. Buckingham [England] ;
-- Philadelphia :
Name of publisher, distributor, etc. Open University Press,
Date of publication, distribution, etc. 1999.
300 ## - PHYSICAL DESCRIPTION
Extent xiv, 230 p. :
Other physical details ill. ;
Dimensions 22 cm.
505 ## - FORMATTED CONTENTS NOTE
Formatted contents note Part 1:- Preparing the Ground (Page-5), Part 2:- Selecting methods of Data collection (Page-99), Part 3:- Interpreting the Evidence and Reporting the Findings (Page-169).
650 #0 - SUBJECT ADDED ENTRY--TOPICAL TERM
Topical term or geographic name entry element Education
General subdivision Research
-- Methodology.
9 (RLIN) 4360
650 #0 - SUBJECT ADDED ENTRY--TOPICAL TERM
Topical term or geographic name entry element Education
General subdivision Research.
9 (RLIN) 34932
650 #0 - SUBJECT ADDED ENTRY--TOPICAL TERM
Topical term or geographic name entry element Independent study.
9 (RLIN) 107340
650 #0 - SUBJECT ADDED ENTRY--TOPICAL TERM
Topical term or geographic name entry element Social sciences
General subdivision Research
-- Methodology.
650 #0 - SUBJECT ADDED ENTRY--TOPICAL TERM
Topical term or geographic name entry element Social sciences
General subdivision Research.
856 42 - ELECTRONIC LOCATION AND ACCESS
Materials specified Contributor biographical information
Uniform Resource Identifier <a href="http://www.loc.gov/catdir/bios/mh051/99017596.html">http://www.loc.gov/catdir/bios/mh051/99017596.html</a>
856 42 - ELECTRONIC LOCATION AND ACCESS
Materials specified Publisher description
Uniform Resource Identifier <a href="http://www.loc.gov/catdir/description/mh051/99017596.html">http://www.loc.gov/catdir/description/mh051/99017596.html</a>
856 42 - ELECTRONIC LOCATION AND ACCESS
Materials specified Table of contents
Uniform Resource Identifier <a href="http://www.loc.gov/catdir/toc/mh051/99017596.html">http://www.loc.gov/catdir/toc/mh051/99017596.html</a>
942 ## - ADDED ENTRY ELEMENTS (KOHA)
Source of classification or shelving scheme
Koha item type Book
Call number prefix 370.72,BEL
Holdings
Withdrawn status Lost status Source of classification or shelving scheme Damaged status Not for loan Permanent Location Current Location Shelving location Date acquired Full call number Barcode Date last seen Price effective from Koha item type Public note
          Military College of Signals (MCS) Military College of Signals (MCS) General Stacks 12/12/2016 370.72,BEL MCS27747 12/08/2016 12/12/2016 Book Almirah No.54, Shelf No.2
© 2023 Central Library, National University of Sciences and Technology. All Rights Reserved.